[Event "XXIII OPEN INTERNACIONAL ESCACS DE TORREDEMBARRA"]
[Site "Torredembarra"]
[Date "2023.07.02"]
[Round "2.1"]
[White "Aloma Vidal, Robert"]
[Black "Fernandez Alonso, Miguel Angel"]
[Result "1-0"]
[TimeControl "90'+30\""]
[WhiteTitle "IM"]
[WhiteFideId "2260409"]
[BlackFideId "2253852"]
[WhiteElo "2446"]
[BlackElo "1931"]

1. d4 {[%clk 01:30:56]} {[%emt 00:00:03]} d5 {[%clk 01:29:41]} {[%emt
00:01:19]} 2. c4 {[%clk 01:30:57]} {[%emt 00:00:29]} e6 {[%clk 01:29:27]}
{[%emt 00:00:44]} 3. Nf3 {[%emt 00:01:34]} Nf6 {[%clk 01:29:19]} {[%emt
00:00:06]} 4. g3 {[%clk 01:30:32]} {[%emt 00:00:23]} Bb4+ {[%clk 01:26:20]}
{[%emt 00:03:30]} 5. Nc3 {[%clk 01:30:24]} {[%emt 00:00:37]} O-O {[%clk
01:23:23]} {[%emt 00:03:27]} 6. Bg2 {[%emt 00:02:06]} Ne4 {[%emt 00:02:08]} 7.
Qc2 {[%clk 01:30:42]} {[%emt 00:00:21]} Nxc3 {[%emt 00:12:44]} 8. bxc3 {[%clk
01:19:30]} {[%emt 00:02:15]} Be7 {[%clk 01:17:31]} {[%emt 00:00:12]} 9. O-O
{[%emt 00:01:28]} Nd7 {[%emt 00:13:37]} 10. cxd5 {[%clk 01:07:17]} {[%emt
00:00:41]} exd5 {[%clk 01:15:42]} {[%emt 00:00:17]} 11. c4 {[%clk 01:07:38]}
{[%emt 00:00:09]} dxc4 {[%clk 01:14:23]} {[%emt 00:01:50]} 12. a4 {[%emt
00:05:11]} c6 {[%clk 01:10:16]} {[%emt 00:01:35]} 13. Rd1 {[%emt 00:07:31]} Nf6
{[%clk 01:08:35]} {[%emt 00:01:08]} 14. Ne5 {[%emt 00:03:05]} Be6 {[%emt
00:00:38]} 15. e4 {[%emt 00:04:59]} Qc8 {[%clk 01:05:05]} {[%emt 00:00:52]} 16.
Nxc4 {[%clk 00:54:32]} {[%emt 00:01:54]} Bh3 {[%clk 01:02:15]} {[%emt
00:03:20]} 17. Bh1 {[%clk 00:54:36]} {[%emt 00:04:45]} Rd8 {[%clk 00:55:44]}
{[%emt 00:02:42]} 18. a5 {[%clk 00:47:40]} {[%emt 00:07:26]} Bg4 {[%clk
00:51:18]} {[%emt 00:04:56]} 19. f3 {[%clk 00:47:14]} {[%emt 00:00:56]} Be6
{[%emt 00:02:05]} 20. Be3 {[%emt 00:00:18]} Bxc4 {[%clk 00:49:19]} {[%emt
00:01:42]} 21. Qxc4 {[%clk 00:46:39]} {[%emt 00:00:28]} Qe6 {[%clk 00:48:25]}
{[%emt 00:03:05]} 22. Qe2 {[%clk 00:41:37]} Rd7 {[%clk 00:48:16]} {[%emt
00:04:31]} 23. Bg2 {[%emt 00:00:24]} Re8 {[%clk 00:47:30]} {[%emt 00:00:58]} 24.
Qf1 {[%emt 00:05:44]} Qb3 {[%clk 00:43:30]} {[%emt 00:01:21]} 25. Bf2 {[%clk
00:39:32]} {[%emt 00:00:53]} Bd8 {[%emt 00:07:47]} 26. Rdb1 {[%clk 00:33:58]}
{[%emt 00:00:09]} Qc3 {[%clk 00:40:54]} {[%emt 00:01:44]} 27. Rc1 {[%clk
00:30:11]} {[%emt 00:04:17]} Qb4 {[%emt 00:04:50]} 28. Rc4 {[%clk 00:28:01]}
{[%emt 00:00:38]} Qb5 {[%clk 00:37:59]} {[%emt 00:01:06]} 29. Qc1 {[%emt
00:10:49]} Be7 {[%emt 00:03:28]} 30. a6 {[%emt 00:07:59]} Bd8 {[%emt 00:07:23]}
31. Rc5 {[%clk 00:20:58]} {[%emt 00:00:02]} Qd3 {[%clk 00:16:53]} {[%emt
00:01:28]} 32. Ra3 {[%emt 00:02:26]} Qxa3 {[%clk 00:14:18]} {[%emt 00:02:37]}
33. Qxa3 {[%clk 00:19:55]} {[%emt 00:00:06]} Be7 {[%clk 00:14:39]} {[%emt
00:00:08]} 34. axb7 {[%emt 00:00:42]} Rxb7 {[%emt 00:01:10]} 35. Bf1 {[%clk
00:18:36]} {[%emt 00:00:38]} Nd7 {[%emt 00:02:40]} 36. Qa6 {[%clk 00:17:11]}
{[%emt 00:00:14]} Nxc5 {[%clk 00:14:43]} {[%emt 00:00:17]} 37. Qxc6 {[%emt
00:03:56]} Reb8 {[%clk 00:14:28]} {[%emt 00:00:13]} 38. dxc5 {[%clk 00:14:39]}
{[%emt 00:00:08]} Rb1 {[%clk 00:12:18]} {[%emt 00:02:39]} 39. Qd7 {[%clk
00:13:57]} {[%emt 00:01:13]} Bf8 {[%clk 00:12:00]} {[%emt 00:00:47]} 40. c6
{[%emt 00:03:25]} Rc1 {[%clk 00:09:39]} {[%emt 00:00:03]} 41. c7 {[%emt
00:02:30]} 1-0

[Event "XXIII OPEN INTERNACIONAL ESCACS DE TORREDEMBARRA"]
[Site "Torredembarra"]
[Date "2023.07.02"]
[Round "2.2"]
[White "Regue Farran, Enric"]
[Black "Lacasa Diaz, Jose Antonio"]
[Result "0-1"]
[TimeControl "90'+30\""]
[BlackTitle "IM"]
[WhiteFideId "2252368"]
[BlackFideId "2203375"]
[WhiteElo "1949"]
[BlackElo "2360"]

1. e4 {[%clk 01:30:58]} {[%emt 00:01:04]} c5 {[%clk 01:30:43]} {[%emt
00:00:20]} 2. Nf3 {[%clk 01:31:18]} {[%emt 00:00:09]} Nc6 {[%clk 01:30:51]}
{[%emt 00:00:22]} 3. d4 {[%clk 01:31:44]} {[%emt 00:00:04]} cxd4 {[%clk
01:31:15]} {[%emt 00:00:07]} 4. Nxd4 {[%clk 01:32:09]} {[%emt 00:00:05]} g6
{[%clk 01:31:35]} {[%emt 00:00:09]} 5. Nc3 {[%clk 01:31:39]} {[%emt 00:01:00]}
Bg7 {[%clk 01:31:56]} {[%emt 00:00:08]} 6. Be3 {[%clk 01:31:52]} {[%emt
00:00:18]} Nf6 {[%emt 00:00:47]} 7. Be2 {[%clk 01:31:38]} {[%emt 00:00:20]} O-O
{[%emt 00:02:13]} 8. O-O {[%clk 01:30:40]} {[%emt 00:00:09]} d6 {[%clk
01:29:41]} {[%emt 00:03:26]} 9. Kh1 {[%emt 00:15:48]} a6 {[%clk 01:16:37]}
{[%emt 00:00:21]} 10. a4 {[%clk 01:27:37]} {[%emt 00:00:30]} Bd7 {[%emt
00:13:45]} 11. Nb3 {[%emt 00:05:34]} Na5 {[%emt 00:05:26]} 12. Nxa5 {[%clk
01:12:30]} {[%emt 00:00:24]} Qxa5 {[%clk 01:08:56]} {[%emt 00:00:08]} 13. Qd2
{[%emt 00:09:25]} Rac8 {[%emt 00:04:29]} 14. f4 {[%emt 00:06:12]} Be6 {[%emt
00:09:28]} 15. Ra3 {[%emt 00:16:55]} Qb4 {[%clk 00:44:47]} {[%emt 00:00:19]} 16.
e5 {[%emt 00:17:49]} Qxb2 {[%emt 00:00:18]} 17. exf6 {[%clk 00:48:56]} {[%emt
00:00:14]} Bxf6 {[%emt 00:11:01]} 18. Qc1 {[%emt 00:02:39]} Bxc3 {[%clk
00:28:16]} {[%emt 00:02:33]} 19. Bd3 {[%emt 00:04:02]} Qxc1 {[%clk 00:24:23]}
{[%emt 00:00:35]} 20. Bxc1 {[%emt 00:01:48]} f5 {[%emt 00:01:28]} 21. Rf3
{[%emt 00:00:09]} Bf6 {[%emt 00:04:00]} 22. Kg1 {[%emt 00:01:42]} Bd5 {[%emt
00:00:33]} 23. Rg3 {[%clk 00:35:33]} {[%emt 00:00:08]} Kf7 {[%emt 00:01:12]} 24.
Kf1 {[%emt 00:02:19]} e5 {[%clk 00:19:27]} {[%emt 00:00:03]} 25. fxe5 {[%clk
00:34:21]} {[%emt 00:00:46]} dxe5 {[%emt 00:00:38]} 0-1

[Event "XXIII OPEN INTERNACIONAL ESCACS DE TORREDEMBARRA"]
[Site "Torredembarra"]
[Date "2023.07.02"]
[Round "2.3"]
[White "Castillo Dalmau, Albert"]
[Black "Ventos Navarro, Liberto"]
[Result "1-0"]
[TimeControl "90'+30\""]
[WhiteTitle "FM"]
[WhiteFideId "32009925"]
[BlackFideId "2214326"]
[WhiteElo "2326"]
[BlackElo "1926"]

1. Nf3 {[%clk 01:29:54]} {[%emt 00:01:05]} Nf6 {[%clk 01:30:37]} {[%emt
00:00:22]} 2. c4 {[%clk 01:29:14]} {[%emt 00:01:12]} d6 {[%clk 01:29:46]}
{[%emt 00:01:21]} 3. d4 {[%clk 01:28:41]} {[%emt 00:01:03]} Nbd7 {[%clk
01:28:35]} {[%emt 00:01:40]} 4. Nc3 {[%clk 01:28:45]} {[%emt 00:00:26]} e5
{[%clk 01:28:36]} {[%emt 00:00:29]} 5. g3 {[%clk 01:28:41]} {[%emt 00:00:35]}
g6 {[%clk 01:28:42]} {[%emt 00:00:24]} 6. Bg2 {[%clk 01:29:04]} {[%emt
00:00:08]} Bg7 {[%clk 01:29:06]} {[%emt 00:00:06]} 7. O-O {[%clk 01:29:29]}
{[%emt 00:00:04]} O-O {[%clk 01:29:29]} {[%emt 00:00:07]} 8. e4 {[%clk
01:29:38]} {[%emt 00:00:21]} Re8 {[%clk 01:28:27]} {[%emt 00:01:31]} 9. h3
{[%clk 01:28:23]} {[%emt 00:01:45]} h6 {[%clk 01:27:27]} {[%emt 00:01:30]} 10.
Re1 {[%clk 01:27:57]} {[%emt 00:00:57]} Kh7 {[%clk 01:26:45]} {[%emt 00:01:12]}
11. Be3 {[%clk 01:26:48]} {[%emt 00:01:39]} Ng8 {[%clk 01:26:19]} {[%emt
00:00:55]} 12. Qc2 {[%clk 01:27:00]} {[%emt 00:00:19]} Nf8 {[%clk 01:26:30]}
{[%emt 00:00:18]} 13. Rad1 {[%clk 01:27:21]} {[%emt 00:00:10]} exd4 {[%clk
01:25:22]} {[%emt 00:01:38]} 14. Bxd4 {[%clk 01:27:22]} {[%emt 00:00:29]} Be6
{[%clk 01:23:43]} {[%emt 00:02:08]} 15. b3 {[%clk 01:17:40]} {[%emt 00:10:13]}
Qc8 {[%clk 01:21:44]} {[%emt 00:02:28]} 16. Kh2 {[%clk 01:17:21]} {[%emt
00:00:49]} Nf6 {[%clk 01:18:50]} {[%emt 00:03:23]} 17. Qb2 {[%clk 01:16:05]}
{[%emt 00:01:48]} N8d7 {[%clk 01:17:15]} {[%emt 00:02:04]} 18. Nd5 {[%clk
01:10:16]} {[%emt 00:06:19]} Bxd5 {[%clk 01:16:21]} {[%emt 00:01:24]} 19. cxd5
{[%clk 01:10:34]} {[%emt 00:00:14]} Bh8 {[%clk 01:09:18]} {[%emt 00:07:31]} 20.
Rc1 {[%clk 01:08:00]} {[%emt 00:03:05]} c5 {[%clk 01:05:28]} {[%emt 00:04:19]}
21. dxc6 {[%clk 01:08:09]} {[%emt 00:00:23]} bxc6 {[%clk 01:05:55]} {[%emt
00:00:02]} 22. e5 {[%clk 01:06:15]} {[%emt 00:02:24]} dxe5 {[%clk 00:59:38]}
{[%emt 00:06:48]} 23. Nxe5 {[%clk 01:05:51]} {[%emt 00:00:54]} Nxe5 {[%clk
00:59:41]} {[%emt 00:00:27]} 24. Rxe5 {[%clk 01:00:51]} {[%emt 00:05:30]} Rxe5
{[%clk 00:57:23]} {[%emt 00:02:47]} 25. Bxe5 {[%clk 01:01:17]} {[%emt
00:00:05]} Qf5 {[%clk 00:55:45]} {[%emt 00:02:07]} 26. Rxc6 {[%clk 00:59:51]}
{[%emt 00:01:57]} Rd8 {[%clk 00:54:47]} {[%emt 00:01:26]} 27. Bxf6 {[%clk
00:59:58]} {[%emt 00:00:25]} 1-0

[Event "XXIII OPEN INTERNACIONAL ESCACS DE TORREDEMBARRA"]
[Site "Torredembarra"]
[Date "2023.07.02"]
[Round "2.4"]
[White "Fernandez Muixi, Francesc"]
[Black "Torrecillas Martinez, Antonio"]
[Result "0-1"]
[TimeControl "90'+30\""]
[BlackTitle "IM"]
[WhiteFideId "2206510"]
[BlackFideId "2200392"]
[WhiteElo "1913"]
[BlackElo "2362"]

1. c4 {[%clk 01:30:43]} {[%emt 00:00:15]} Nf6 {[%clk 01:30:52]} {[%emt
00:00:08]} 2. g3 {[%clk 01:31:09]} {[%emt 00:00:05]} g6 {[%clk 01:30:55]}
{[%emt 00:00:27]} 3. Bg2 {[%clk 01:31:31]} {[%emt 00:00:07]} Bg7 {[%clk
01:29:58]} {[%emt 00:01:28]} 4. Nc3 {[%clk 01:31:25]} {[%emt 00:00:37]} e5
{[%clk 01:29:17]} {[%emt 00:01:10]} 5. d3 {[%emt 00:01:53]} O-O {[%clk
01:26:55]} {[%emt 00:00:29]} 6. Bg5 {[%emt 00:07:14]} h6 {[%emt 00:00:38]} 7.
Bd2 {[%emt 00:01:04]} Re8 {[%emt 00:03:25]} 8. e4 {[%emt 00:02:06]} d6 {[%emt
00:01:16]} 9. Nge2 {[%emt 00:00:30]} Nc6 {[%emt 00:01:40]} 10. a3 {[%emt
00:01:43]} a5 {[%emt 00:00:43]} 11. Rb1 {[%emt 00:08:38]} Nd4 {[%emt 00:02:54]}
12. O-O {[%emt 00:08:11]} Nxe2+ {[%emt 00:02:03]} 13. Qxe2 {[%emt 00:00:44]} a4
{[%emt 00:03:01]} 14. b4 {[%emt 00:00:41]} axb3 {[%emt 00:00:44]} 15. Rxb3
{[%emt 00:03:55]} b6 {[%emt 00:03:37]} 16. Nd5 {[%emt 00:14:43]} Ra6 {[%emt
00:08:27]} 17. Rfb1 {[%emt 00:07:27]} Be6 {[%emt 00:15:37]} 18. Qf1 {[%emt
00:06:02]} Nd7 {[%emt 00:04:01]} 19. Be3 {[%emt 00:00:40]} Kh7 {[%emt
00:00:03]} 20. Bh3 {[%emt 00:13:39]} h5 {[%emt 00:16:42]} 21. Nb4 {[%emt
00:01:49]} Ra4 {[%emt 00:01:01]} 22. f3 {[%emt 00:02:46]} Bh6 {[%emt 00:00:27]}
23. Bf2 {[%emt 00:00:11]} Nc5 {[%emt 00:07:21]} 24. Bxc5 {[%emt 00:00:24]} dxc5
{[%emt 00:00:11]} 25. Nc2 {[%emt 00:00:20]} Kg7 {[%emt 00:09:53]} 26. Bxe6
{[%emt 00:00:08]} Rxe6 {[%emt 00:00:21]} 27. Kg2 {[%emt 00:00:48]} h4 {[%emt
00:00:53]} 28. Qe2 {[%emt 00:01:24]} Ra8 {[%emt 00:00:45]} 29. Rf1 {[%emt
00:01:45]} Qf6 {[%emt 00:01:04]} 30. Rbb1 {[%emt 00:00:14]} Rh8 {[%emt
00:02:37]} 31. g4 {[%emt 00:03:14]} Qf4 {[%emt 00:01:26]} 32. Kh1 {[%emt
00:01:23]} Rd8 {[%emt 00:00:27]} 33. Rbd1 {[%emt 00:00:37]} Red6 {[%emt
00:02:22]} 34. Rf2 {[%emt 00:00:33]} Bg5 {[%emt 00:00:46]} 35. Rff1 {[%emt
00:00:42]} R8d7 {[%emt 00:00:21]} 36. Rg1 {[%emt 00:00:33]} Qf6 {[%emt
00:00:18]} 37. Rgf1 {[%emt 00:00:49]} h3 {[%emt 00:01:12]} 38. Rg1 {[%emt
00:00:32]} Qd8 {[%emt 00:08:00]} 0-1

[Event "XXIII OPEN INTERNACIONAL ESCACS DE TORREDEMBARRA"]
[Site "Torredembarra"]
[Date "2023.07.02"]
[Round "2.5"]
[White "Pogorelov, Ruslan"]
[Black "Anguera Staina, Maxim"]
[Result "1/2-1/2"]
[TimeControl "90'+30\""]
[WhiteTitle "GM"]
[WhiteFideId "14100363"]
[BlackFideId "54507731"]
[WhiteElo "2282"]
[BlackElo "1892"]

1. Nf3 {[%emt 00:00:03]} Nf6 {[%emt 00:00:03]} 2. c4 {[%emt 00:00:08]} g6
{[%emt 00:00:07]} 3. Nc3 {[%emt 00:00:09]} Bg7 {[%emt 00:00:06]} 4. e4 {[%emt
00:00:06]} d6 {[%emt 00:00:06]} 5. d4 {[%emt 00:00:04]} O-O {[%emt 00:00:06]} 6.
Be2 {[%emt 00:00:05]} e5 {[%emt 00:00:07]} 7. O-O {[%emt 00:00:06]} exd4 {[%emt
00:00:05]} 8. Nxd4 {[%emt 00:00:10]} Re8 {[%emt 00:00:26]} 9. f3 {[%emt
00:00:06]} c6 {[%emt 00:01:01]} 10. Kh1 {[%emt 00:00:29]} Nbd7 {[%emt
00:00:13]} 11. Bg5 {[%emt 00:02:16]} Qb6 {[%emt 00:00:12]} 12. Nb3 {[%emt
00:00:31]} a5 {[%emt 00:01:40]} 13. Rb1 {[%emt 00:03:02]} a4 {[%emt 00:00:58]}
14. Na1 {[%emt 00:09:53]} Qa5 {[%emt 00:06:50]} 15. Qd2 {[%emt 00:08:09]} d5
{[%emt 00:24:19]} 16. cxd5 {[%emt 00:03:05]} cxd5 {[%emt 00:07:57]} 17. Bd3
{[%emt 00:23:08]} d4 {[%emt 00:11:14]} 18. Nb5 {[%emt 00:00:46]} Ne5 {[%emt
00:01:00]} 19. Rfd1 {[%emt 00:11:12]} Nxe4 {[%emt 00:01:21]} 20. fxe4 {[%emt
00:02:09]} Nxd3 {[%emt 00:00:45]} 21. Qxd3 {[%emt 00:00:03]} Re5 {[%emt
00:08:53]} 22. Nxd4 {[%emt 00:00:35]} Rxg5 {[%emt 00:00:25]} 23. Nf3 {[%emt
00:01:50]} Bg4 {[%emt 00:05:12]} 24. b4 {[%emt 00:00:19]} Bxf3 {[%emt
00:00:37]} 25. Qxf3 {[%emt 00:03:05]} Qc7 {[%emt 00:07:52]} 26. Rbc1 {[%emt
00:03:09]} Qe7 {[%emt 00:00:36]} 27. Nc2 {[%emt 00:09:43]} Re5 {[%emt
00:01:04]} 28. Ne3 {[%emt 00:02:04]} Rxe4 {[%emt 00:00:34]} 29. Nd5 {[%emt
00:00:12]} Qe5 {[%emt 00:03:04]} 30. Nb6 {[%emt 00:00:33]} Re8 {[%emt
00:00:53]} 31. Nxa4 {[%emt 00:00:53]} Re1+ {[%emt 00:00:08]} 32. Rxe1 {[%emt
00:00:04]} Qxe1+ {[%emt 00:00:07]} 33. Qf1 {[%emt 00:00:07]} Qxb4 {[%emt
00:00:09]} 34. Nc5 {[%emt 00:01:21]} Bh6 {[%emt 00:00:49]} 35. Nd3 {[%emt
00:01:33]} Qa5 {[%emt 00:01:44]} 36. Rb1 {[%emt 00:00:04]} Qd5 {[%emt
00:00:47]} 37. Nb4 {[%emt 00:00:11]} Qe4 {[%emt 00:01:07]} 38. a3 {[%emt
00:01:12]} Bd2 {[%emt 00:01:07]} 39. h3 {[%emt 00:01:27]} Qe1 {[%emt 00:00:03]}
40. Nd3 {[%emt 00:00:30]} Qxf1+ {[%emt 00:00:04]} 41. Rxf1 {[%emt 00:00:02]}
Re3 {[%emt 00:00:30]} 42. Nc5 {[%emt 00:00:02]} b6 {[%emt 00:00:51]} 43. Nd7
{[%emt 00:00:38]} b5 {[%emt 00:01:16]} 44. Rb1 {[%emt 00:01:12]} Rxa3 {[%emt
00:00:18]} 45. Nf6+ {[%emt 00:00:45]} Kg7 {[%emt 00:00:08]} 46. Nd5 {[%emt
00:01:07]} Ra5 {[%emt 00:00:02]} 47. Rb2 {[%emt 00:01:35]} Be1 {[%emt
00:00:39]} 48. g4 {[%emt 00:01:28]} Ra3 {[%emt 00:00:16]} 49. Kg2 {[%emt
00:01:51]} b4 {[%emt 00:00:34]} 50. Nxb4 {[%emt 00:00:05]} Bxb4 {[%emt
00:00:02]} 51. Rxb4 {[%emt 00:00:23]} Ra2+ {[%emt 00:00:21]} 1/2-1/2

[Event "XXIII OPEN INTERNACIONAL ESCACS DE TORREDEMBARRA"]
[Site "Torredembarra"]
[Date "2023.07.02"]
[Round "2.6"]
[White "Vinals Rioja, Jaume"]
[Black "Martinez Pla, Xavier"]
[Result "0-1"]
[TimeControl "90'+30\""]
[BlackTitle "FM"]
[WhiteFideId "2292556"]
[BlackFideId "32074271"]
[WhiteElo "1884"]
[BlackElo "2268"]

1. d4 {[%emt 00:01:39]} Nf6 {[%clk 01:29:43]} {[%emt 00:00:18]} 2. Nf3 {[%clk
01:29:45]} {[%emt 00:00:12]} e6 {[%clk 01:28:29]} {[%emt 00:01:46]} 3. e3
{[%clk 01:30:00]} {[%emt 00:00:15]} d5 {[%clk 01:27:53]} {[%emt 00:01:07]} 4.
Bd3 {[%clk 01:30:15]} {[%emt 00:00:13]} c5 {[%emt 00:00:24]} 5. O-O {[%emt
00:00:14]} Nc6 {[%emt 00:00:58]} 6. c3 {[%emt 00:02:25]} Bd6 {[%clk 01:25:39]}
{[%emt 00:00:11]} 7. Nbd2 {[%emt 00:06:32]} O-O {[%emt 00:00:33]} 8. dxc5
{[%clk 01:30:52]} {[%emt 00:00:23]} Bxc5 {[%clk 01:19:42]} {[%emt 00:00:26]} 9.
e4 {[%emt 00:06:13]} Bb6 {[%emt 00:05:53]} 10. b4 {[%emt 00:01:38]} a6 {[%emt
00:02:10]} 11. a3 {[%emt 00:15:00]} Re8 {[%emt 00:09:12]} 12. c4 {[%emt
00:12:07]} dxc4 {[%emt 00:03:07]} 13. Nxc4 {[%emt 00:00:51]} Bc7 {[%emt
00:04:16]} 14. Bg5 {[%emt 00:05:19]} h6 {[%clk 00:43:31]} {[%emt 00:00:33]} 15.
Bh4 {[%emt 00:05:06]} b5 {[%emt 00:00:43]} 16. Ne3 {[%emt 00:03:23]} Ne5 {[%emt
00:09:56]} 17. Nxe5 {[%clk 00:54:35]} {[%emt 00:01:40]} Bxe5 {[%emt 00:00:29]}
18. Rc1 {[%emt 00:02:29]} Qb6 {[%emt 00:09:09]} 19. Rc5 {[%emt 00:08:26]} Nd7
{[%emt 00:02:27]} 20. Rc2 {[%emt 00:03:09]} Bb7 {[%emt 00:02:25]} 21. Qe2
{[%emt 00:05:07]} Nf8 {[%emt 00:04:16]} 22. Bg3 {[%emt 00:01:22]} Ng6 {[%emt
00:04:11]} 23. Rfc1 {[%emt 00:03:03]} Rad8 {[%emt 00:03:06]} 24. Nf1 {[%emt
00:03:35]} Rd7 {[%emt 00:01:32]} 25. Bxe5 {[%clk 00:29:52]} {[%emt 00:00:21]}
Nxe5 {[%emt 00:00:16]} 26. Rc3 {[%emt 00:01:21]} Red8 {[%emt 00:00:15]} 27. Bb1
{[%emt 00:02:57]} Rd4 {[%emt 00:02:58]} 28. Kh1 {[%emt 00:02:21]} Nc4 {[%emt
00:00:38]} 29. f3 {[%emt 00:02:13]} a5 {[%emt 00:03:13]} 30. h3 {[%emt
00:01:43]} axb4 {[%clk 00:07:44]} {[%emt 00:00:06]} 31. axb4 {[%emt 00:01:01]}
Qd6 {[%emt 00:02:24]} 32. Ba2 {[%emt 00:01:24]} Qxb4 {[%emt 00:06:57]} 33. Bxc4
{[%emt 00:02:17]} Rxc4 {[%emt 00:00:21]} 34. Rxc4 {[%clk 00:15:23]} {[%emt
00:00:03]} bxc4 {[%clk 00:05:24]} {[%emt 00:03:24]} 35. Qc2 Ba6 {[%emt
00:04:49]} 36. Qc3 {[%emt 00:01:17]} Qb6 {[%emt 00:01:40]} 37. Ng3 {[%emt
00:03:04]} Qc5 {[%emt 00:01:09]} 38. Ne2 {[%clk 00:07:20]} {[%emt 00:00:07]}
Qf2 {[%clk 00:01:26]} {[%emt 00:01:37]} 39. Qa5 Rd6 {[%emt 00:03:20]} 40. Nc3
{[%emt 00:01:03]} Qb2 {[%emt 00:00:47]} 41. Rb1 {[%emt 00:00:07]} Qf2 {[%emt
00:02:20]} 42. e5 {[%emt 00:00:39]} Rd2 {[%emt 00:00:13]} 43. Rg1 {[%clk
00:01:58]} {[%emt 00:00:08]} Bb7 44. Ne4 {[%emt 00:02:29]} Bxe4 {[%clk
00:01:41]} {[%emt 00:00:03]} 45. fxe4 {[%emt 00:01:02]} Qd4 {[%emt 00:00:13]}
46. Qb5 {[%emt 00:01:00]} Rd1 {[%emt 00:00:15]} 47. Rxd1 {[%clk 00:02:42]}
{[%emt 00:00:03]} Qxd1+ {[%emt 00:00:06]} 48. Kh2 {[%emt 00:01:05]} Qd4 {[%emt
00:00:07]} 49. Qe8+ {[%clk 00:03:28]} Kh7 {[%emt 00:02:01]} 50. Qxf7 {[%clk
00:01:54]} {[%emt 00:00:05]} Qxe5+ {[%emt 00:00:08]} 51. Kg1 {[%clk 00:02:06]}
{[%emt 00:00:11]} Qxe4 {[%emt 00:00:20]} 52. Qc7 {[%clk 00:02:17]} {[%emt
00:00:05]} Qe3+ {[%emt 00:00:25]} 53. Kf1 {[%clk 00:02:34]} c3 {[%emt
00:00:35]} 54. Qc4 {[%emt 00:00:45]} Kg6 {[%emt 00:00:42]} 55. h4 {[%emt
00:01:16]} Kf5 {[%emt 00:00:25]} 56. g4+ {[%emt 00:00:44]} Ke5 {[%emt
00:00:30]} 57. Qc7+ {[%emt 00:00:17]} Ke4 {[%emt 00:00:24]} 58. Qxg7 {[%emt
00:01:04]} Qf3+ {[%emt 00:00:33]} 59. Ke1 {[%clk 00:02:50]} {[%emt 00:00:12]}
Qe3+ {[%clk 00:01:10]} {[%emt 00:00:02]} 60. Kf1 {[%emt 00:01:03]} Kf3 {[%emt
00:00:25]} 61. Qf6+ {[%emt 00:00:31]} Kg3 {[%emt 00:00:51]} 62. g5 {[%emt
00:01:04]} c2 {[%emt 00:00:39]} 0-1